Recopilación de reglamentos con índices por ministerios, temático y onomástico. Se incluyen, además todos los decretos supremos que, sin ser reglamentarios, tienen interés general y permanente

Uloženo v:
Podrobná bibliografie
Korporativní autor: Contraloría General de la República (Autor)
Médium: Kniha
Jazyk:španělština
Vydáno: Santiago Contraloría General de la República 1957
Témata:
Tagy: Přidat tag
Žádné tagy, Buďte první, kdo vytvoří štítek k tomuto záznamu!

MARC

LEADER 00000nam a2200000 a 4500
001 UCR0736
003 CL-VaPUC
008 971205e19570000CL |||||||||||||||||spa|d
082 0 4 |a 348.025  |b CON  |2 21 
110 2 |a Contraloría General de la República  |e author  |9 396964 
245 1 0 |a Recopilación de reglamentos con índices por ministerios, temático y onomástico. Se incluyen, además todos los decretos supremos que, sin ser reglamentarios, tienen interés general y permanente 
300 |a t 
942 |c BK 
945 |d 19971205 00:00:00  |a lriquelm 
260 |a Santiago  |b Contraloría General de la República  |c 1957 
500 |a Comprende el período que media entre los meses de julio de 1956 y julio de 1957 
500 |a Donación profesor Fernando Recio Olguín 
650 7 |a LEGISLACION  |2 CL-VaPUC  |9 396965 
650 7 |a FUENTES  |2 CL-VaPUC  |9 255666 
650 7 |a DERECHO CHILENO  |2 CL-VaPUC  |9 396966 
650 7 |a DECRETOS SUPREMOS  |2 CL-VaPUC  |9 396008 
650 7 |a REGLAMENTOS  |2 CL-VaPUC  |9 259254 
651 7 |a CHILE  |2 CL-VaPUC  |9 396967 
583 |a last modification  |c 20140410 10:29:10  |k Rodrigo Vera 
999 |c 264235  |d 264233 
952 |0 0  |1 0  |4 0  |6 348_025000000000000_CON_1957  |7 0  |8 F  |9 294234  |a BIBDER  |b BIBDER  |d 2019-11-19  |h t.11  |i 1912976  |o 348.025 CON 1957  |p 1912976  |r 2023-01-25  |w 2019-11-19  |y BK_F  |k DER 
952 |0 0  |1 0  |4 0  |6 348_025000000000000_CON_1957  |7 0  |8 X  |9 294235  |a BIBHIS  |b BIBHIS  |d 2019-11-19  |h t.11  |i 2127989  |o 348.025 CON 1957  |p 2127989  |r 2024-01-30  |w 2019-11-19  |y BK_X  |k HIS